| 000 | 00618nam a22002417a 4500 | ||
|---|---|---|---|
| 001 | 28209 | ||
| 003 | UA-OsUOA | ||
| 005 | 20230913124020.0 | ||
| 007 | ta | ||
| 008 | 20040929b un ||||| |||| 00| 0 ukr d | ||
| 040 |
_aUA-OsUOA _brus _cUA-OsUOA _dUA-OsUOA |
||
| 041 | _arus | ||
| 044 | _aRU | ||
| 080 | _a811.16'01 | ||
| 090 |
_a811.16'01 _bХ12 |
||
| 100 | _aХабургаев Г. А. | ||
| 245 |
_aСтарославянский язык _bуч. пос. |
||
| 260 |
_aМосква _bПросвещение _c1974 |
||
| 300 |
_a432 с. _bІлюстрації |
||
| 650 | 7 | _2UDC | |
| 942 |
_cBK _2udc |
||
| 955 | _a0 | ||
| 999 |
_c314572 _d314572 |
||